Largest Cities in the World Beginning With 'Co' - Statistics

General Stats
  • This quiz has been taken 76 times
  • The average score is 13 of 25
Answer Stats
# Population Country Answer % Correct
1 5,000,000 Germany Cologne / Dusseldorf
98%
2 4,925,000 Sri Lanka Colombo
98%
8 1,770,000 Denmark Copenhagen
97%
4 2,875,000 Guinea Conakry
90%
7 1,790,000 Argentina Córdoba
81%
19 335,950 Mexico Córdoba
81%
20 324,902 Spain Córdoba
81%
5 2,075,000 Benin Cotonou
73%
24 267,746 United States Columbus (Georg./Alab.)
69%
6 1,810,000 United States Columbus (Ohio)
69%
11 714,377 United Kingdom Coventry - Nuneaton
66%
12 632,494 United States Colorado Springs
56%
13 590,407 United States Columbia (Sth. Car.)
56%
9 1,490,000 Bolivia Cochabamba
45%
3 3,000,000 India Coimbatore
42%
14 448,028 Algeria Constantine
42%
10 722,929 Chile Concepción
35%
25 263,688 Romania Constanta
35%
22 278,612 United States Concord (Nth. Car.)
26%
18 339,066 United States Corpus Christi
15%
21 307,073 Turkey Çorlu
6%
15 393,200 Argentina Corrientes
5%
17 355,738 Mexico Coatzacoalcos
2%
23 269,594 Turkey Çorum
2%
16 359,803 Philippines Cotabato
0%
No matching quizzes found
Score Distribution
Percent of People with Each Score
Percentile by Number Answered
Your Score History
You have not taken this quiz